000 00322nam a22001337a 4500
020 _a9788184870396
082 _a664.002
_bCHO/FO
100 _aChopra, H.K
245 _aFood chemistry
260 _aNew Delhi
_bNarosa Publishing House
_c2010
300 _a588p
_b579figs.; 105 tbls
700 _aPanesar, P.S
942 _cBK
999 _c14039
_d14039